German Vocabulary "O" and "Ö" - Statistics

General Stats
  • This quiz has been taken 218 times
  • The average score is 11 of 16
Answer Stats
German English % Correct
Österreich Austria
96%
Oma Grandma
94%
oder or
94%
Onkel uncle
91%
Osten east
88%
öffnen open
84%
Obst fruit
82%
Öl oil
81%
Ohrring earring
74%
Ökosystem ecosystem
69%
Ofen oven
59%
öffentlich public
55%
Opfer victim
45%
Ostsee Baltic Sea
38%
Oberfläche surface
30%
Ödland wasteland
17%
No matching quizzes found
Score Distribution
Percent of People with Each Score
Percentile by Number Answered
Your Score History
You have not taken this quiz